NFL "Only Team" Quiz - Statistics

General Stats
  • This quiz has been taken 42 times
  • The average score is 12 of 32
Answer Stats
Hint Answer % Correct
Only team to lose four consecutive Super Bowls. Buffalo Bills
100%
Only team to go undefeated and win the Super Bowl. Miami Dolphins
97%
Only team to blow a 25 point lead in the Super Bowl Atlanta Falcons
94%
Only team in the NFL to have never had a quarterback throw for 4,000 yards in a season. Chicago Bears
58%
Only NFL team established after 2000. Houston Texans
53%
Only team without a logo/marking on their helmets. Cleveland Browns
47%
Only team to wear both blue and green. Seattle Seahawks
44%
Only team to play in London over ten times. Jacksonville Jaguars
42%
Only NFL team to have two players rush for 2,000 yards in a season. Tennessee Titans
42%
Only team founded in the 1800's. Arizona Cardinals
39%
Only team with a left facing logo. Philadelphia Eagles
39%
Only team to be ranked last in 2023. Carolina Panthers
36%
Only non-profit team. Green Bay Packers
36%
Only team to have an interception of 107 yards or greater. Baltimore Ravens
33%
Only team to lose by more than 40 in a Super Bowl. Denver Broncos
33%
Only team to wear primarily white in home games. Dallas Cowboys
31%
Only team to have a head coach over the age of 65. Kansas City Chiefs
31%
Only team with over 160 penalties in a season. Las Vegas Raiders
28%
Only team to win a championship in three different cities. Los Angeles Rams
28%
Only NFC team to beat Lamar Jackson. New York Giants
28%
Only team to lose over 25 games in a row. Tampa Bay Buccaneers
28%
Only team to wear red facemasks. New England Patriots
25%
Only team to have a kicker win MVP. Washington Commanders
25%
Only team that have never beaten the Eagles. New York Jets
22%
Only team to have more than 55 arrests since 2000. Minnesota Vikings
19%
Only team to have over 1,500 sacks since 1990. Pittsburgh Steelers
19%
Only team to have 18 consecutive road wins. (Most in NFL history) San Francisco 49ers
17%
Only team without a player having a 1,500 yard rushing season. Cincinnati Bengals
14%
Only team to start 0-4 and still make the playoffs. Los Angeles Chargers
14%
Only team to finish a game with negative rushing yards. Three times. Detroit Lions
11%
Only team to win 29 consecutive regular season games. (Most in NFL history) Indianapolis Colts
11%
Only team to win five opening week games in a row. New Orleans Saints
11%
No matching quizzes found
Score Distribution
Percent of People with Each Score
Percentile by Number Answered
Your Score History
You have not taken this quiz